Exploratory image databases : content-based retrieval /
The explosion of computer use and internet communication has placed new emphasis on the ability to store, retrieve and search for all types of images, both still photo and video images. The success and the future of visual information retrieval depends on the cutting edge research and applications e...
| Main Author: | |
|---|---|
| Format: | eBook |
| Language: | English |
| Published: |
San Diego :
Academic Press,
[2001]
|
| Series: | Communications, networking and multimedia.
|
| Subjects: | |
| Online Access: | Connect to the full text of this electronic book Publisher description Table of contents |
MARC
| Tag | First Indicator | Second Indicator | Subfields |
|---|---|---|---|
| LEADER | 00000cam a2200000Ia 4500 | ||
| 001 | in00002425471 | ||
| 005 | 20190327171551.0 | ||
| 006 | m d | ||
| 007 | cr cn||||||||| | ||
| 008 | 070802s2001 caua sb 001 0 eng d | ||
| 020 | |a 9780126192612 | ||
| 020 | |a 0126192618 | ||
| 035 | |a (OCoLC)ocn162129359 | ||
| 035 | |a (OCoLC)162129359 | ||
| 037 | |a 89113:89113 |b Elsevier Science & Technology |n http://www.sciencedirect.com | ||
| 040 | |a OPELS |c OPELS |d UtOrBLW | ||
| 049 | |a TEFA | ||
| 050 | 1 | 4 | |a TA1637 |b .S25 2001eb |
| 082 | 0 | 4 | |a 621.367 |2 22 |
| 100 | 1 | |a Santini, Simone. | |
| 245 | 1 | 0 | |a Exploratory image databases : |b content-based retrieval / |c Simone Santini. |
| 264 | 1 | |a San Diego : |b Academic Press, |c [2001] | |
| 264 | 4 | |c ©2001 | |
| 300 | |a xviii, 613 pages : |b illustrations (some color) ; |c 26 cm. | ||
| 336 | |a text |b txt |2 rdacontent | ||
| 337 | |a computer |b c |2 rdamedia | ||
| 338 | |a online resource |b cr |2 rdacarrier | ||
| 490 | 1 | |a Communications, networking and multimedia | |
| 533 | |a Electronic reproduction. |b Amsterdam : |c Elsevier Science & Technology, |d 2007. |n Mode of access: World Wide Web. |n System requirements: Web browser. |n Title from title screen (viewed on July 25, 2007). |n Access may be restricted to users at subscribing institutions. | ||
| 520 | |a The explosion of computer use and internet communication has placed new emphasis on the ability to store, retrieve and search for all types of images, both still photo and video images. The success and the future of visual information retrieval depends on the cutting edge research and applications explored in this book. It combines the expertise from both computer vision and database research. Unlike text retrieval and text/numeric databases the challenges of image databases are enormous. How do you use "data mining" to search for an image if you do not have "key words" to search? Exploratory Image Databases introduces the idea that it is possible to solve this problem by merging database systems into a single search and browse activity called "exploration." Exploratory Image Databases is one of the first single-author books that unifies the critical emerging topic of image databases. A new approach to image databases, the work is divided into four central parts: introduction to the problems that image database research must solve; computer vision and information retrieval techniques; image database issues; and interface and engines for visual searches. Example: Imagine the difficulty of building and using a database for "face recognition," where an image of a face is used. In order to effectively use the image a huge number of characteristics would need to be entered in the database. The goal of future image databases is to use hardware and software to recognize and categorize images without typing in characteristics. * Comprehensive coverage of the image analysis as well as the database/theoretical aspects of image databases. * Extensive coverage of interfaces and interaction models, with a theoretical framework for the development of new interaction schemes. * Identifies three interaction models between users and image databases, two of which have no counterpart in traditional databases. * Coverage of the relation between image and text, including mixed search models and the automatic determination of the relation between images and text on large corpuses like the web. * Analysis of the process of signification in images and its influence on the interaction models and technological problems of image databases. | ||
| 505 | 0 | |a Preface -- Acknowledgments -- 1. An Eerie Sense of Deja Vu -- 2. The Mysterious Case of the Disappearing Semantics -- 3. How You Can Know You Are Right -- 4. Similarity -- 5. Systems with Limited Ontologies -- 6. Systems with General Ontologies -- 7. Writing About Images -- 8. Algebra and the Modern Query -- 9. Where Is My Image? -- 10. Of Mice and Men -- Appendix -- Bibliography -- Index. | |
| 504 | |a Includes bibliographical references (pages 583-599) and index. | ||
| 500 | |a Electronic resource. | ||
| 650 | 0 | |a Database design. | |
| 650 | 0 | |a Image processing |x Digital techniques. | |
| 650 | 0 | |a Multimedia systems. | |
| 650 | 0 | |a Database searching. | |
| 655 | 7 | |a Electronic books. |2 local | |
| 730 | 0 | |a Referex. | |
| 776 | 1 | |c Original |z 0126192618 |z 9780126192612 |w (DLC) 2001088197 |w (OCoLC)46600306 | |
| 830 | 0 | |a Communications, networking and multimedia. | |
| 856 | 4 | 0 | |u http://proxy.library.tamu.edu/login?url=http://www.sciencedirect.com/science/book/9780126192612 |z Connect to the full text of this electronic book |t 0 |
| 856 | 4 | 2 | |3 Publisher description |u http://www.loc.gov/catdir/description/els031/2001088197.html |t 0 |
| 856 | 4 | 2 | |3 Table of contents |u http://www.loc.gov/catdir/toc/els031/2001088197.html |t 0 |
| 994 | |a C0 |b TEF | ||
| 999 | |a MARS | ||
| 999 | f | f | |s 0bf5cf4b-22ea-3804-9d32-5ea4278feede |i ea923a4c-909f-3c1d-be2c-160d234bb15e |t 0 |
| 952 | f | f | |a Texas A&M University |b College Station |c Electronic Resources |d Available Online |t 0 |e TA1637 .S25 2001eb |h Library of Congress classification |
| 998 | f | f | |a TA1637 .S25 2001eb |t 0 |l Available Online |